000 00760nam a2200217 i 4500
001 149763
003 ES-MaACL
005 20250901062537.0
007 t|
008 071024s1962 an ||||1| spa d
100 1 _aVaulx, Bernard de.
_9113321
245 1 4 _aLas misiones
_b: su historia /
_cBernard de Vaulx ; [versión española de Federico Revilla].
260 _aAndorra :
_bCasal i Vall,
_c[1962]
300 _a159 p. ;
_c19 cm.
490 1 _aYo sé, yo creo : enciclopedia del católico en el siglo XX
650 0 4 _aMisiones-
_vHistoria.
_915079
700 1 _aRevilla, Federico.
_996429
830 0 0 _aYo sé, yo creo: enciclopedia del católico del siglo XX
_9186579
852 _aES-MaACL
_jC-21677
_bR.50248
999 _c149763
_d149763